Statistiques concernant Joueurs du Canadien de Montréal lors de la coupe de 1993

Cliquez ici pour prendre le quiz!

Statistiques générales

  • Ce quiz a été pris 18 fois
  • Le résultat moyen est 10 sur 34

Statistiques - réponses

#PositionNom de famille% Correct
33GRoy
100%
25CDamphousse
60%
71 / 43DEFBrisebois
53%
21 / 20CCarbonneau
53%
11AGMuller
53%
28DEFDesjardins
47%
12ADKeane
47%
47CLebeau
40%
18CSavard
40%
17 / 22 / 43AGBrunet
33%
45AGDionne
33%
17AGLeclair
33%
24 / 8 / 18 / 27DEFSchneider
33%
39 / 1GChabot
27%
48DEFDaigneault
27%
15CDipietro
27%
24 / 38DEFOdelein
27%
6 / 14 / 32ADPetrov
27%
37 / 40 / 53GRacicot
27%
23AGBellows
20%
36ADEwen
20%
14DEFHaller
20%
32AGRoberge
20%
31ADRonan
20%
23CSkrudland
20%
29 / 26 / 40CBélanger
13%
34DEFDufresne
13%
5DEFRamage
13%
30 / 23ADStevenson
13%
20ADCarnback
7%
35DEFCharron
7%
38DEFHill
7%
27AGKjellberg
7%
26ADLeeman
7%

Distribution des résultats

Percentile par nombre de réponses

% des personnes avec chaque résultat

Votre développement - résultats

Vous n’avez pas pris ce quiz